LEADER 01063nam2 22002771i 450 001 RML0292321 005 20231121125737.0 010 $a8881041367 100 $a20121121d1985 ||||0itac50 ba 101 | $aita 102 $ait 181 1$6z01$ai $bxxxe 182 1$6z01$an 200 1 $a˜1.Tomo secondo: œDall'alto medioevo all'arte gotica$fPiero Adorno 210 $aMessina$aFirenze $cD'Anna $d1985 215 $aVIII, 558-1056 p.$cill.$d26 cm 461 1$1001RML0292318$12001 $a˜L'œarte italiana$ele sue radici medio orientali e greco-romane$fPiero Adorno 700 1$aAdorno$b, Piero$3RMLV188947$0543995 801 3$aIT$bIT-01$c20121121 850 $aIT-FR0017 899 $aBiblioteca umanistica Giorgio Aprea$bFR0017 912 $aRML0292321 950 2$aBiblioteca umanistica Giorgio Aprea$d 52CIS 9/219.1/2$e 52VM 0000619075 VM barcode:00048567. - Inventario:17351 FLSVM$fA $h20060615$i20121204 977 $a 52 996 $aDall'alto Medioevo all'arte gotica$91014224 997 $aUNICAS LEADER 02406nam0 22004693i 450 001 RMS2528596 005 20251003044346.0 010 $a0817642056 010 $a3764342056 010 $a9780817642051$bpubblicazione senza CD-ROM 100 $a20131128d2001 ||||0itac50 ba 101 | $aeng 102 $aus 181 1$6z01$ai $bxxxe 182 1$6z01$an 183 1$6z01$anc$2RDAcarrier 200 1 $aScientific computing with Mathematica$emathematical problems for ordinary differential equations$fAddolorata Marasco, Antonio Romano 210 $aBoston [etc.] Birkhäuser$d©2001 215 $aXIV, 270 p.$cill.$d24 cm$e1 CD ROM 225 | $aModeling and simulation in science, engineering, & technology 300 $aNel verso del frontespizio: Additional material to this book can be downloaded from http://extras.springer.com 410 0$1001MIL0362067$12001 $aModeling and simulation in science, engineering, & technology 606 $aEquazioni differenziali$xElaborazione elettronica$2FIR$3UAQC000667$9N 676 $a515.0285$9ANALISI MATEMATICA. Elaborazione dei dati Applicazioni dell'elaboratore$v14 676 $a515.350285$9EQUAZIONI DIFFERENZIALI. Elaborazione dei dati Applicazioni dell'elaboratore$v22 696 $aElaborazione di dati$aElaborazione dati$aElaborazione dei dati$aElectronic data processing$aData processing$aTrattamento elettronico dei dati$aElaborazione elettronica dei dati 699 $aElaborazione elettronica$yElaborazione di dati 699 $aElaborazione elettronica$zElaborazione dati 699 $aElaborazione elettronica$yElaborazione dei dati 699 $aElaborazione elettronica$yElectronic data processing 699 $aElaborazione elettronica$yData processing 699 $aElaborazione elettronica$yTrattamento elettronico dei dati 699 $aElaborazione elettronica$yElaborazione elettronica dei dati 700 1$aMarasco$b, Addolorata$3UBOV013825$4070$066918 701 1$aRomano$b, Antonio$c $3RMSV971428$4070$0340904 801 3$aIT$bIT-000000$c20131128 850 $aIT-BN0095 912 $aRMS2528596 950 0$aBiblioteca Centralizzata di Ateneo$c1 v.$d 01SALA DING 515.0285 MAR.sc$e 0102 0000097575 VMA A4 1 v.$fY $h20131128$i20131128 977 $a 01 996 $aScientific computing with Mathematica$9377400 997 $aUNISANNIO